000 00545cam a2200205ua 4500
001 7942
008 150113n ii |||gr||||Z||||||hin
020 _a9788183482608
040 _cMAIN
041 _ahin
082 _a891.436
100 _aMittal. D.,
_eAuthor.
245 _aPatra-lekhan :
_bVyakigat,vyaparik abong nimantran patra /
_cBy Dharmendra Mittal .
250 _a1st.
260 _aMerat:
_bArihant,
_c2008.
300 _a196p.
653 _aEast Indo-European & Celtic literatures
653 _aHindi literature
942 _cBK
999 _c7062
_d7062